[Event "BRA-ch Amateur"]
[Site "Sao Paulo"]
[Date "2015.04.30"]
[Round "1"]
[White "Leite, Tarcisio Dantas Fro"]
[Black "Siqueira Gomes, Gustavo"]
[Result "0-1"]
[WhiteElo "1686"]
[BlackElo "2045"]
[PlyCount "118"]
[EventDate "2015.04.30"]
[EventType "swiss"]
[EventRounds "7"]
[EventCountry "BRA"]
[SourceTitle "EXT 2022"]
[Source "ChessBase"]
[SourceDate "2021.10.06"]
[SourceVersion "1"]
[SourceVersionDate "2021.10.06"]
[SourceQuality "1"]

1. e4 c5 2. Nf3 e6 3. d4 cxd4 4. Nxd4 Nc6 5. Nb5 d6 6. c4 Nf6 7. Bg5 h6 8. Bxf6 gxf6 9. N1c3 a6 10. Nd4 Rg8 11. g3 Bd7 12. h4 Rc8 13. Bh3 Qb6 14. Nb3 Ne5 15. Qe2 Nxc4 16. 0-0-0 a5 17. Kb1 a4 18. Nd4 Qb5 19. Rd3 Ne5 20. Nc2 Qb6 21. Rhd1 Nxd3 22. Rxd3 Qa5 23. f4 Qc5 24. Nd4 a3 25. Nb3 Qg1+ 26. Bf1 Rxg3 27. f5 axb2 28. Kxb2 Rxd3 29. Qxd3 Qf2+ 30. Qe2 Qxh4 31. Nd4 Qg3 32. Nf3 h5 33. fxe6 fxe6 34. Nb5 Qf4 35. Kb3 d5 36. Nfd4 Qg4 37. exd5 e5 38. d6 Kf7 39. Qh2 exd4 40. Be2 Qh3+ 41. Qxh3 Bxh3 42. Bxh5+ Ke6 43. Nxd4+ Kxd6 44. Bf3 Be6+ 45. Kb2 f5 46. Nb5+ Ke5 47. Bxb7 Rb8 48. Bc6 Bd5 49. Bd7 f4 50. a4 f3 51. Bh3 Bc4 52. Kc3 Bxb5 53. axb5 Rxb5 54. Kc4 Rb1 55. Kd3 Kf4 56. Kc2 Rh1 57. Bc8 f2 58. Bb7 f1Q 59. Bxh1 Qxh1 0-1

[Event "BRA-ch Amateur"]
[Site "Sao Paulo"]
[Date "2015.04.03"]
[Round "7"]
[White "Frois, Vitor Amorim"]
[Black "Siqueira Gomes, Gustavo"]
[Result "1-0"]
[WhiteElo "1735"]
[BlackElo "2045"]
[PlyCount "65"]
[EventDate "2015.04.30"]
[EventType "swiss"]
[EventRounds "7"]
[EventCountry "BRA"]
[SourceTitle "EXT 2022"]
[Source "ChessBase"]
[SourceDate "2021.10.06"]
[SourceVersion "1"]
[SourceVersionDate "2021.10.06"]
[SourceQuality "1"]

1. e4 c6 2. d4 d5 3. Nc3 dxe4 4. Nxe4 Nf6 5. Ng3 h5 6. Bc4 h4 7. N3e2 h3 8. g3 Bg4 9. f3 Bf5 10. Bf4 e6 11. Qd2 Nbd7 12. Nc3 Nb6 13. Bb3 Nbd5 14. Nxd5 Nxd5 15. Ne2 Bb4 16. c3 Be7 17. Be3 a5 18. a3 Nxe3 19. Qxe3 Qb6 20. Ba2 Qxb2 21. 0-0 Qb6 22. g4 Bh7 23. Ng3 0-0-0 24. Ne4 Qb2 25. Nf2 Bd6 26. Bc4 Qc2 27. Rab1 g5 28. d5 exd5 29. Qb6 Bc7 30. Qxb7+ Kd7 31. Rb6 Qa4 32. Rxc6 Rc8 33. Bb5 1-0

[Event "BRA-ch Amateur"]
[Site "Sao Paulo"]
[Date "2015.04.03"]
[Round "6"]
[White "Siqueira Gomes, Gustavo"]
[Black "Ikejiri, Daniel Yoshito"]
[Result "1/2-1/2"]
[WhiteElo "2045"]
[BlackElo "1881"]
[PlyCount "74"]
[EventDate "2015.04.30"]
[EventType "swiss"]
[EventRounds "7"]
[EventCountry "BRA"]
[SourceTitle "EXT 2022"]
[Source "ChessBase"]
[SourceDate "2021.10.06"]
[SourceVersion "1"]
[SourceVersionDate "2021.10.06"]
[SourceQuality "1"]

1. Nf3 Nf6 2. c4 e6 3. g3 c5 4. Nc3 Nc6 5. Bg2 d5 6. cxd5 Nxd5 7. 0-0 Be7 8. d4 Nxc3 9. bxc3 0-0 10. Rb1 Qc7 11. Qc2 b6 12. Bf4 Bd6 13. Ng5 g6 14. dxc5 Bxf4 15. cxb6 axb6 16. gxf4 Ba6 17. Qe4 Rac8 18. Qe3 Na5 19. Qh3 h5 20. Nxe6 fxe6 21. Qxe6+ Qf7 22. Qxb6 Bxe2 23. Qxa5 Qxf4 24. Rb4 Rc4 25. Qd5+ Kh8 26. Rxc4 Bxc4 27. Qd4+ Qxd4 28. cxd4 Bxf1 29. Kxf1 Rb8 30. Bd5 Rb2 31. Bc4 Kg7 32. Bb3 Kf6 33. Kg2 Rd2 34. d5 Ke5 35. Kf3 g5 36. h3 Rd3+ 37. Kg2 Rd2 1/2-1/2

[Event "BRA-ch Amateur"]
[Site "Sao Paulo"]
[Date "2015.04.01"]
[Round "2"]
[White "Siqueira Gomes, Gustavo"]
[Black "Pedroso, Andre Lucio"]
[Result "1-0"]
[WhiteElo "2045"]
[BlackElo "1850"]
[PlyCount "67"]
[EventDate "2015.04.30"]
[EventType "swiss"]
[EventRounds "7"]
[EventCountry "BRA"]
[SourceTitle "EXT 2022"]
[Source "ChessBase"]
[SourceDate "2021.10.06"]
[SourceVersion "1"]
[SourceVersionDate "2021.10.06"]
[SourceQuality "1"]

1. d4 Nf6 2. c4 d6 3. Nc3 g6 4. e4 Nbd7 5. f3 Bg7 6. Bg5 c6 7. Qd2 0-0 8. Nge2 Rb8 9. Nc1 Qc7 10. Be2 e5 11. d5 a6 12. 0-0 c5 13. a4 Ne8 14. Be7 f5 15. Bxf8 Nxf8 16. exf5 Bxf5 17. Bd3 Bxd3 18. Nxd3 Nd7 19. Rae1 Qa5 20. Qg5 Qd8 21. Qxd8 Rxd8 22. Ne4 Bh6 23. h4 Rb8 24. g4 b5 25. g5 Bg7 26. axb5 axb5 27. b3 bxc4 28. bxc4 Rb3 29. Re3 Nb6 30. Rc1 Kf7 31. Nxe5+ Bxe5 32. Rxb3 Nc8 33. f4 Bd4+ 34. Kg2 1-0

[Event "Paulista-chT"]
[Site "Sao Paolo"]
[Date "2011.02.26"]
[Round "1"]
[White "Siqueira Gomes, Gustavo"]
[Black "Van Riemsdijk, Herman Claudius"]
[Result "0-1"]
[WhiteElo "2045"]
[BlackElo "2403"]
[PlyCount "62"]
[EventDate "2011.02.26"]
[EventType "team-tourn"]
[EventRounds "7"]
[EventCountry "BRA"]
[SourceTitle "CBM 141 Extra"]
[Source "ChessBase"]
[SourceDate "2011.05.03"]
[SourceVersion "1"]
[SourceVersionDate "2011.05.03"]
[SourceQuality "1"]
[WhiteTeam "Sorocaba/Unimed"]
[BlackTeam "Pinheiros"]
[WhiteTeamCountry "BRA"]
[BlackTeamCountry "BRA"]

1. Nf3 g6 2. c4 Bg7 3. g3 c5 4. Bg2 Nc6 5. Nc3 e6 6. d4 Nxd4 7. Nxd4 cxd4 8. Ne4 Ne7 9. Nd6+ Kf8 10. Qc2 Qc7 11. c5 Nf5 12. Nxf5 gxf5 13. Bd2 d5 14. Bb4 Bf6 15. 0-0 Kg7 16. Rac1 Bd7 17. Rfd1 h5 18. Bd2 h4 19. Bf4 e5 20. Bd2 hxg3 21. hxg3 Rag8 22. Bxd5 e4 23. Kg2 Bc6 24. Qc4 f4 25. Bxc6 bxc6 26. Rh1 fxg3 27. Rxh8 Rxh8 28. fxg3 e3 29. Bb4 Qe5 30. Rf1 Qh5 31. Qc1 Qxe2+ 0-1